1198 1548 1808 1407 1137 1385 1419 1037 1437 1594 1648 1024 1081 1694 1729 1029 1131 1691 1882 1023 1318 1638 1484 1731 1455 1649 1722 1026 1319 1890 1024 1975 1497 1096 1764 1397 1527 1820 1710 1933 1877 1268 1255 1400 1015 1621 1208 1197 1261 1083 1413 1108 1515 1952 1480 1390 1466 1954 1953 1294 1643 1009 1511 1557 1501 1799 1120 1854 1836 1860 1690 1671 1907 1877 1979 1828 1087 1473 1044 1371 1669 1459 1077 1424 1118 1228 1532 1965 1524 1298 1012 1123 1964 1698 1625 1553 1239 1082 1324 BCNSPRNW ULIB Ver.6.0+V

เปลี่ยนเป็นภาษาไทย

Change to English
 แสดงรายละเอียดบรรณานุกรม
  กลับหน้าหลัก

Brief Record : Get Marc (ISO 2709) : E-mail record : QR code < ปิดหน้าต่าง
LEADER : 00000nam 2200000uu 4500
001    13399122717
003     ULIB
008    020711s2555 th a 000 0 tha d
020    9789742473792
050  4 DS520^bป533ร
100    ปัทมาพร คำโท
245    เราคืออาเซียน--ลาว/^cปัทมาพร คำโท
250    พิมพ์ครั้งที่ 4
260    กรุงเทพฯ :^bอมรินทร์คอมมิกส์,^c2555
300    55 หน้า
440  0 ชุด เราคืออาเซียน
650  7 ประชาคมอาเซียน
650  7 อาเซียน
650  7 ลาว
945    ^p75^l0^i20156
999    ^aทศพร เกษรทอง
รายการนี้ยังไม่มีแท็ก
คุณยังไม่ได้ล็อกอิน คุณสามารถมีกิจกรรมร่วมกับเว็บไซต์ได้ แต่ต้องล็อกอินก่อน ::
  ล็อกอิน

รายการสื่อสารสนเทศ

ลำดับที่ ประเภท เลขเรียก/บาร์โค้ด สถานที่ สถานะ
1. การศึกษาทั่วไป
การศึกษาทั่วไป
DS520 ป533ร ฉ.1 
  Barcode: 20156
ห้องสมุดวิทยาเขตนครสวรรค์
►หนังสือทั่วไป:l:General Books
บนชั้น

รายการใกล้เคียง
    ผู้แต่ง [ปัทมาพร คำโท]

    หัวเรื่อง [ประชาคมอาเซียน]
    หัวเรื่อง [อาเซียน]
    หัวเรื่อง [ลาว]

BibComment


ยังไม่เคยถูกคอมเมนท์

คอมเมนท์ทรัพยากรรายการนี้
  คอมเมนท์: เราคืออาเซียนลาว ..


 Copyright 2026. Bcnsprnw @Library